| 000 | 00341nam a2200133Ia 4500 | ||
|---|---|---|---|
| 008 | 191201s2004 xx 000 0 und d | ||
| 082 |
_a621.381 _bRAE |
||
| 100 | _aRAMA REDDY, S | ||
| 245 | 0 | _aElectronic Devices and Circuits | |
| 260 |
_aN.Delhi _bNarosa Publication House _c2004 |
||
| 300 | _a294 | ||
| 650 | _aB.Tech(ECE) | ||
| 942 |
_2ddc _cBK |
||
| 999 |
_c1811 _d1811 |
||